[Event "Retro WM 84 Glasgow"]
[Site "Detmold"]
[Date "2018.12.24"]
[Round "31"]
[White "Colossus 3.0 Atari 8 Bit , 3,5 MHz"]
[Black "Psion Sinclair QL , 7,5 MHz"]
[Result "0-1"]
[WhiteElo "1800"]
[BlackElo "1787"]
[PlyCount "76"]
[EventDate "2018.??.??"]

1. d4 d5 2. Nf3 Nf6 3. Bf4 {Buchende Schwarz} Nc6 {Buchende Weiss} 4. Nc3 Bf5
5. Nb5 Rc8 6. Ne5 Nb4 7. Nd3 Nxd3+ 8. exd3 c6 9. Nc3 Qb6 10. Bc1 Qxd4 11. Be3
Qb4 12. Rb1 $2 d4 13. Qf3 e6 14. Bd2 dxc3 15. Bxc3 Qa4 16. Qd1 Be7 17. h3 O-O
18. g4 Bg6 19. b3 Qa3 20. Ra1 Nd5 21. Bd2 Bf6 22. Bc1 Bc3+ 23. Ke2 $2 Qc5 24.
Rb1 Be5 $2 25. Bd2 Nc3+ 26. Bxc3 Bxc3 27. Qc1 Bd4 28. f4 Bg1 29. Kd1 Be3 30.
Qb2 Bxf4 31. Be2 Rfd8 32. Rf1 Qb4 33. c3 Qd6 34. b4 $2 Bxd3 $1 35. Bxd3 Qxd3+
36. Ke1 Qe3+ 37. Qe2 Qxc3+ 38. Kf2 Qg3# {normal} 0-1

[Event "Retro WM 84 Glasgow"]
[Site "Detmold"]
[Date "2018.12.25"]
[Round "10"]
[White "Cyrus II Chess Amstrad , 8 MHz"]
[Black "Colossus 3.0 Atari 8 Bit , 3,5 MHz"]
[Result "1-0"]
[WhiteElo "1670"]
[BlackElo "1800"]
[PlyCount "141"]
[EventDate "2018.??.??"]

1. Nf3 d5 2. c4 c6 3. b3 Nf6 4. Bb2 {Buchende Schwarz} dxc4 {Buchende Weiss} 5.
bxc4 e6 6. Bxf6 Qxf6 7. Nc3 Bb4 8. Qb3 Bxc3 9. Qxc3 Qxc3 10. dxc3 Na6 11. Rd1
Nc5 12. e3 Bd7 13. Bd3 Na4 14. Rc1 Nb2 15. Be2 O-O-O 16. O-O Kb8 17. Rc2 Na4
18. Rb1 f6 19. Rb4 c5 20. Rb3 Bc6 21. Rd2 Rxd2 22. Nxd2 Rd8 23. Nf1 Be4 24. Ng3
Bc2 25. Ra3 Kc7 26. Nh5 Rd2 27. Bf3 Rd7 28. Nf4 Kd6 29. h4 Ke5 30. h5 f5 31.
Kf1 a5 32. Kg1 b6 33. Bc6 $2 Rd1+ 34. Kh2 Nb2 35. Bb5 Rd2 36. Kg1 Nd1 37. Nh3
Bb1 38. Ba4 Nb2 39. Bb5 Nd3 $1 40. Rb3 Bxa2 41. Ra3 g6 42. h6 Bb1 43. Ra1 Rd1+
44. Kh2 Bc2 45. Ra2 Bb3 46. f4+ Kf6 47. Ra3 Bc2 48. Ng5 Ke7 49. Ra2 Bb1 50. Re2
Rc1 51. Nxh7 Rxc3 52. Ng5 Kf6 $2 53. Nh7+ $2 Kf7 54. Ng5+ Kg8 $2 55. Rd2 Bc2
56. Kg3 Bb3 57. Be8 Bxc4 58. Bxg6 e5 59. Bxf5 exf4+ 60. exf4 a4 61. h7+ Kh8 62.
Nf3 b5 63. Re2 $1 Bf7 {[%eval -569,12] [%emt 0:00:04] (Lc-f7 Te2-e7 Sd3xf4
Te7xf7 Sf4-e6 Lf5xe6 b5-b4 Le6-f5 Tc3xf3+ Kg3xf3 b4-b3)  4} 64. Re7 $1 Nxf4 65.
Kxf4 Bh5 66. g4 Rc4+ 67. Kg3 Rxg4+ 68. Bxg4 Bxg4 69. Kxg4 b4 70. Ne5 b3 71.
Ng6# {normal} 1-0

[Event "Retro WM 84 Glasgow"]
[Site "Detmold"]
[Date "2018.12.27"]
[Round "29"]
[White "Colossus 3.0 Atari 8 Bit , 3,5 MHz"]
[Black "Cyrus II Chess Amstrad , 8 MHz"]
[Result "1-0"]
[WhiteElo "1800"]
[BlackElo "1670"]
[PlyCount "133"]
[EventDate "2018.??.??"]

1. d4 Nf6 2. Bg5 Ne4 3. Bf4 {Buchende Schwarz} d6 {Buchende Weiss} 4. f3 Nf6 5.
e4 Nc6 6. Bb5 Bd7 7. d5 Ne5 8. Nc3 Bxb5 9. Nxb5 Qd7 10. a4 a6 11. Nc3 O-O-O 12.
Nge2 Ng6 13. O-O Nxf4 14. Nxf4 g5 15. Nh3 Bh6 16. Qd2 Rhg8 17. Ra3 Rg6 18. Qd3
g4 19. Nf2 g3 20. hxg3 Rxg3 21. Nh1 Rg6 22. Kf2 e6 23. Ng3 Rdg8 24. Nce2 exd5
25. exd5 Re8 $2 26. Nf5 Re5 27. Nxh6 Rxh6 28. c4 Qf5 29. Qxf5+ Rxf5 30. Re1
Ng4+ 31. Kg1 Ne5 32. Rc3 Rh4 33. b3 a5 34. Re3 Rfh5 35. Ng3 Rg5 36. Ne4 Rg6 37.
Kf2 f5 38. Nd2 Rh2 39. Rg1 Kd7 40. Nf1 Rh4 41. Re2 Nd3+ 42. Ke3 Nc5 43. Nd2 Kc8
44. Ree1 Rh2 45. Re2 Rh5 46. Kd4 Rh4+ 47. Kc3 Rh2 48. Nf1 Rh5 49. g3 f4 50. g4
Rh3 51. Nd2 h5 52. Re8+ Kd7 53. Rge1 Rg7 54. gxh5 Rxh5 55. R1e2 Rhh7 56. Ra8 b6
$2 57. Ree8 c6 $2 58. Rad8+ Kc7 59. Rc8+ Kb7 60. dxc6+ Ka6 61. Rcd8 Rg6 $2 62.
Ra8+ Ra7 63. c7 $1 Ne4+ 64. Nxe4 Rg7 65. c8=Q+ Rgb7 66. Nxd6 Rxa8 67. Qxb7# {
normal} 1-0

[Event "Retro WM 84 Glasgow"]
[Site "?"]
[Date "2018.12.29"]
[Round "18"]
[White "Conchess T6 Glasgow , 5,5 MHz"]
[Black "Fidelity Elegance TM , 12 MHz"]
[Result "1-0"]
[WhiteElo "1898"]
[BlackElo "1910"]
[PlyCount "105"]
[EventDate "27.??.??"]

1. e4 c6 2. d4 d5 3. exd5 cxd5 4. Bd3 Nc6 5. c3 g6 6. Nf3 Bg4 7. O-O Nf6 8. Be3
e5 9. dxe5 Nxe5 10. Bb5+ Nc6 11. Qa4 Bd7 12. Nd4 Qc7 13. Re1 Be7 14. Nxc6 bxc6
15. Bc5 Ne4 16. Qd4 f6 17. Bxe7 Kxe7 18. Bd3 Kf7 19. Bxe4 dxe4 20. Rxe4 Bf5 21.
Re1 Kg7 22. Nd2 Rab8 23. Qc5 Rhe8 24. b4 Rbd8 25. Nc4 Be4 26. f3 Bd5 27. Na5
Rxe1+ 28. Rxe1 Rd6 29. Rd1 Rd7 30. c4 Be6 31. Rxd7+ Bxd7 32. Qe7+ Kh6 33. Qf8+
Kg5 34. h4+ Kf5 35. Qe7 Qe5 36. Qxd7+ Kf4 37. Qd2+ Kg3 38. Qf2+ Kf4 39. Nxc6
Qa1+ 40. Kh2 Kf5 41. Qc5+ Kf4 42. Qe7 Qe5 43. Nxe5 Ke3 44. Qxa7+ Ke2 45. c5
fxe5 46. c6 e4 47. fxe4 Kd3 48. Qxh7 Kxe4 49. Qxg6+ Ke5 50. c7 Kd5 51. c8=Q Ke5
52. Qc5+ Kf4 53. Qcg5# 1-0

[Event "Retro WM 84 Glasgow"]
[Site "?"]
[Date "2018.12.29"]
[Round "37"]
[White "Fidelity Elegance TM , 12 MHz"]
[Black "Conchess T6 Glasgow , 5,5 MHz"]
[Result "1-0"]
[WhiteElo "1910"]
[BlackElo "1898"]
[PlyCount "135"]
[EventDate "28.??.??"]

1. e4 c5 2. Nf3 d6 3. d4 cxd4 4. Nxd4 Nf6 5. Nc3 a6 6. Bg5 e6 7. f4 Be7 8. Qf3
Qc7 9. O-O-O O-O 10. Be2 Bd7 11. e5 dxe5 12. fxe5 Nd5 13. Bxe7 Nxe7 14. Qg3 Ng6
15. Nf3 f6 16. exf6 Qxg3 17. hxg3 Rxf6 18. Bd3 Nf8 19. Ne4 Rf5 20. Neg5 Ra5 21.
Nxh7 Rxa2 22. Kb1 Ra5 23. Nxf8 Kxf8 24. Rde1 Ke7 25. Rh7 Kf8 26. Ne5 Kg8 27.
Ng6 Kf7 28. Rf1+ Rf5 29. Bxf5 exf5 30. Nh4 Kf6 31. g4 g6 32. gxf5 gxf5 33. g4
a5 34. Nxf5 Bb5 35. Re1 Bc6 36. Nd4 Kg5 37. Rg7+ Kf4 38. Ne2+ Ke5 39. g5 Nd7
40. Rf7 Kd6 41. Rd1+ Ke6 42. g6 Nb6 43. Nf4+ Ke5 44. Re1+ Kd6 45. Rf6+ Kd7 46.
Rd1+ Nd5 47. c4 Rd8 48. cxd5 Ba4 49. Re1 b6 50. Rxb6 Rc8 51. Rb7+ Kd6 52. Re6+
Kc5 53. g7 Rg8 54. Rf6 Bb3 55. Rxb3 Kc4 56. Rg3 Kd4 57. Rf8 Rxg7 58. Rxg7 Kc5
59. Rg6 a4 60. Rc6+ Kd4 61. d6 a3 62. d7 a2+ 63. Kxa2 Ke3 64. Re6+ Kf3 65. Nd3+
Kg4 66. Rg6+ Kh5 67. Nf4+ Kh4 68. d8=Q# 1-0

[Event "Retro WM 84 Glasgow"]
[Site "?"]
[Date "2018.12.29"]
[Round "17"]
[White "Conchess T6 Glasgow , 5,5 MHz"]
[Black "SciSys Turbostar 432 KSO , 4 MHz"]
[Result "0-1"]
[WhiteElo "1898"]
[BlackElo "1770"]
[PlyCount "206"]
[EventDate "28.??.??"]

1. e4 c5 2. Nc3 e6 3. Bb5 a6 4. Bc4 b5 5. Bd3 Bb7 6. Nf3 Nc6 7. Be2 b4 8. Na4
Nf6 9. d3 Qa5 10. b3 d5 11. exd5 Nxd5 12. Bb2 Bd6 13. Ng5 O-O 14. Ne4 Be7 15.
O-O f5 16. Nd2 Qc7 17. Bf3 Bd6 18. g3 Ne5 19. Bxd5 exd5 20. Nxc5 Bxc5 21. d4
Bd6 22. dxe5 Bxe5 23. Bxe5 Qxe5 24. a3 bxa3 25. Rxa3 Rac8 26. Ra2 Rfe8 27. Qh5
h6 28. Qf3 Rc3 29. Qh5 Rec8 30. Rc1 Qe6 31. Qd1 Re8 32. Rca1 Qc6 33. b4 Rc8 34.
Nb3 Qb5 35. Na5 Ba8 36. Rb2 Qe8 37. Nb3 Bb7 38. Nc5 Qb5 39. Ra5 R3xc5 40. Rxb5
Rxb5 41. Qe2 d4 42. Qe7 Kh7 43. Qe6 Rc3 44. Qf7 d3 45. Rb1 dxc2 46. Rc1 Rd3 47.
Rf1 Rd1 48. Qc4 c1=Q 49. Qxc1 Rxc1 50. Rxc1 Rxb4 51. Kf1 Bf3 52. Ke1 Rb2 53.
Rc3 Be4 54. h4 Kg6 55. f3 Bb7 56. Rd3 Kf6 57. Rd6+ Ke7 58. Rg6 Kf7 59. Rd6 Bxf3
60. Rxa6 Re2+ 61. Kf1 Rg2 62. Ra7+ Kg6 63. h5+ Kxh5 64. Rxg7 Be4 65. Rg8 Bd5
66. Rg7 Bf3 67. Rg8 Be4 68. Rg7 Bd5 69. Rd7 Bf3 70. Rg7 Bc6 71. Rc7 Ba8 72. Ra7
Be4 73. Rg7 Ra2 74. Ke1 Rc2 75. Kf1 Bd5 76. Ke1 Rb2 77. Rd7 Be4 78. Rg7 Bf3 79.
Rg8 Bg4 80. Re8 Rg2 81. Re3 Bh3 82. Rd3 Kg5 83. Rc3 h5 84. Rc4 Rxg3 85. Kf2
Rg2+ 86. Ke3 Bg4 87. Kd4 h4 88. Rc1 h3 89. Rh1 Kf4 90. Rc1 h2 91. Rh1 Kg3 92.
Kd3 Rg1 93. Rxh2 Kxh2 94. Kc4 Kg3 95. Kd5 f4 96. Kd4 f3 97. Ke5 f2 98. Kd6 Kf4
99. Kd5 f1=Q 100. Kc5 Ke5 101. Kb6 Qc4 102. Ka7 Qc7+ 103. Ka8 Bf3# 0-1

[Event "Retro WM 84 Glasgow"]
[Site "?"]
[Date "2018.12.29"]
[Round "36"]
[White "SciSys Turbostar 432 KSO , 4 MHz"]
[Black "Conchess T6 Glasgow , 5,5 MHz"]
[Result "1-0"]
[WhiteElo "1770"]
[BlackElo "1898"]
[PlyCount "131"]
[EventDate "29.??.??"]

1. c4 e5 2. Nc3 Nf6 3. g3 c6 4. Bg2 d5 5. cxd5 cxd5 6. Qb3 Nc6 7. Nxd5 Nd4 8.
Qa4+ Bd7 9. Nxf6+ Qxf6 10. Qd1 Rc8 11. Kf1 Qa6 12. b3 Bc6 13. Bb2 Bxg2+ 14.
Kxg2 Qc6+ 15. Nf3 Bc5 16. e3 Nxf3 17. Qxf3 Qxf3+ 18. Kxf3 f6 19. d4 exd4 20.
Rac1 O-O 21. Bxd4 Bxd4 22. exd4 Rfd8 23. Rxc8 Rxc8 24. Re1 Rc3+ 25. Re3 Rc2 26.
Re7 Rxa2 27. Rxb7 a6 28. Ke3 Ra5 29. h4 h5 30. Kf3 Rf5+ 31. Ke3 Ra5 32. Rb8+
Kf7 33. Rb6 Rb5 34. Rxb5 axb5 35. d5 Ke7 36. Kd4 Kd6 37. b4 g6 38. f3 g5 39.
Ke4 gxh4 40. gxh4 Kd7 41. Kf5 Kd6 42. Kxf6 Kxd5 43. Kg6 Ke5 44. Kg5 Ke6 45. f4
Kf7 46. f5 Kg7 47. Kxh5 Kf6 48. Kg4 Kf7 49. Kg5 Kf8 50. Kf6 Kg8 51. Ke7 Kh7 52.
f6 Kh6 53. f7 Kh5 54. f8=Q Kxh4 55. Qf4+ Kh3 56. Qg5 Kh2 57. Kd6 Kh3 58. Kc5
Kh2 59. Kxb5 Kh3 60. Kc4 Kh2 61. Kd3 Kh3 62. b5 Kh2 63. b6 Kh3 64. b7 Kh2 65.
b8=Q+ Kh3 66. Qbg3# 1-0

[Event "Retro WM 84 Glasgow"]
[Site "?"]
[Date "2018.12.29"]
[Round "7"]
[White "Mephisto III-S Glasgow , 12 MHz"]
[Black "SciSys Turbostar 432 KSO , 4 MHz"]
[Result "1-0"]
[WhiteElo "1776"]
[BlackElo "1770"]
[PlyCount "121"]
[EventDate "29.??.??"]

1. d4 Nf6 2. Nf3 d5 3. e3 c5 4. dxc5 Qa5+ 5. Nc3 e6 6. Bd2 Qxc5 7. Bd3 Nc6 8.
O-O Be7 9. Ng5 h6 10. Nf3 O-O 11. Na4 Qd6 12. Nc3 Bd7 13. h3 e5 14. Nb5 Qc5 15.
Be2 Qb6 16. Bc3 a6 17. Na3 Bxa3 18. bxa3 Qc7 19. Rb1 Rac8 20. Re1 Be6 21. Qc1
Ne4 22. Ba1 f6 23. c4 Qe7 24. cxd5 Bxd5 25. Bc4 Rfd8 26. Bxd5+ Rxd5 27. Qc4
Rcd8 28. Qxe4 Qxa3 29. Rxb7 Qd6 30. Rb6 Rb8 31. Rxa6 Rc5 32. Qg6 Qd5 33. e4 Qc4
34. Ra3 Nb4 35. Rc3 Qb5 36. a4 Qb6 37. Rec1 Nd3 38. Rxc5 Nxc5 39. Rc4 Qb1+ 40.
Kh2 Qxa1 41. Rxc5 Qa3 42. Rc7 Qf8 43. Qg4 Ra8 44. Qd7 Kh7 45. Nh4 Rd8 46. Qf5+
Kg8 47. Qe6+ Kh7 48. Nf5 Kh8 49. Rxg7 Rd6 50. Qxd6 Qxd6 51. Nxd6 Kxg7 52. Nf5+
Kg6 53. a5 Kg5 54. Kg3 Kg6 55. a6 Kg5 56. a7 h5 57. h4+ Kg6 58. a8=Q Kf7 59. f4
exf4+ 60. Kxf4 Ke6 61. Qd5# 1-0

[Event "Retro WM 84 Glasgow"]
[Site "Online Salzgitter - Neudorf"]
[Date "2019.01.02"]
[Round "35"]
[White "Conchess T6 Glasgow , 5,5 MHz"]
[Black "Chafitz Steinitz TM , 20 MHz"]
[Result "0-1"]
[WhiteElo "1898"]
[BlackElo "1890"]
[PlyCount "86"]

1. d4 d5 2. Nf3 c6 3. c4 Nf6 4. Nc3 dxc4 5. e4 b5 6. e5 Nd5 7. a4 e6 8. Bd2
Nxc3 9. Bxc3 Bb7 10. Be2 Na6 11. axb5 cxb5 12. b3 b4 13. Bb2 c3 14. Bb5+ Ke7
15. Bxc3 bxc3 16. Bxa6 Bxa6 17. Rxa6 Qc7 18. Qa1 g6 19. O-O Bh6 20. Qa3+ Ke8
21. Qa4+ Kf8 22. Ra1 Qb7 23. Qc4 Rc8 24. Rxa7 Qc6 25. Qb4+ Kg7 26. Qe7 Rhf8 27.
R7a4 c2 28. Qf6+ Kg8 29. Rf1 c1=Q 30. Rc4 Qxf1+ 31. Kxf1 Qb5 32. h3 Qxb3 33.
Rxc8 Qd1+ 34. Ne1 Rxc8 35. Qf3 Qxd4 36. Nd3 Qa1+ 37. Ne1 Bd2 38. Qe2 Bxe1 39.
g3 Bc3+ 40. Kg2 Bxe5 41. Qd2 Qb2 42. Qxb2 Bxb2 43. Kf3 Rc2 0-1

[Event "Retro WM 84 Glasgow"]
[Site "Online Neudorf - Salzgitter"]
[Date "2019.01.02"]
[Round "16"]
[White "Chafitz Steinitz TM , 20 MHz"]
[Black "Conchess T6 Glasgow , 5,5 MHz"]
[Result "1-0"]
[WhiteElo "1890"]
[BlackElo "1898"]
[PlyCount "69"]

1. e4 e5 2. Nf3 Nc6 3. Bc4 Bc5 4. c3 Nf6 5. d4 exd4 6. cxd4 Bb4+ 7. Nc3 Nxe4 8.
O-O Bxc3 9. d5 Bf6 10. Re1 Ne7 11. Rxe4 d6 12. Bg5 Bxg5 13. Nxg5 O-O 14. Qf3
Nf5 15. Nh3 Qd7 16. Bd3 c5 17. Rae1 b5 18. b3 g6 19. Nf4 Bb7 20. Qh3 Rfd8 21.
g4 Nd4 22. Re7 Qc8 23. Rxf7 Nf3+ 24. Qxf3 Rd7 25. Ree7 Rxe7 26. Rxe7 Qf8 27.
Rxb7 Re8 28. Bxb5 Re5 29. Bd7 Re1+ 30. Kg2 Re7 31. Qc3 Rxd7 32. Rxd7 h5 33. Ne6
h4 34. Nxf8 Kxf8 35. Qh8# 1-0

[Event "Retro WM 84 Glasgow"]
[Site "Online Salözgitter - Neudorf"]
[Date "2019.01.02"]
[Round "11"]
[White "Conchess T6 Glasgow , 5,5 MHz"]
[Black "Fidelity EAS A-E Glasgow TM , 10 MHz"]
[Result "1-0"]
[WhiteElo "1898"]
[BlackElo "1910"]
[PlyCount "91"]

1. d4 c5 2. d5 e5 3. e4 d6 4. Nc3 a6 5. Bd3 Nf6 6. Nf3 Be7 7. O-O O-O 8. a4 b6
9. Bg5 Nbd7 10. Bc4 Bb7 11. b3 Ng4 12. Bc1 Bh4 13. Bb2 f5 14. exf5 Bxf2+ 15.
Rxf2 Nxf2 16. Kxf2 Rxf5 17. Kg1 Qe7 18. Qd3 Rff8 19. Rf1 Rf4 20. Ne4 h6 21.
Nfd2 Rxf1+ 22. Nxf1 a5 23. Qh3 Nf6 24. Nxf6+ Qxf6 25. Qe6+ Kh8 26. Qxf6 gxf6
27. Ng3 Rd8 28. Bc1 Bc8 29. Bxh6 f5 30. Bg5 Rg8 31. Bf6+ Kh7 32. Be7 Rg6 33.
Ne2 Kg7 34. Bd8 f4 35. Bd3 f3 36. Ng3 fxg2 37. Bxg6 Kxg6 38. Kxg2 c4 39. bxc4
Bd7 40. Ne4 Bxa4 41. c3 b5 42. Nxd6 b4 43. cxb4 axb4 44. Ba5 b3 45. Bc3 Kf6 46.
c5 1-0

[Event "Retro WM 84 Glasgow"]
[Site "Detmold"]
[Date "2018.12.27"]
[Round "36"]
[White "Psion Sinclair QL , 7,5 MHz"]
[Black "Novag SuperConst. TM , 16 MHz"]
[Result "0-1"]
[WhiteElo "1787"]
[BlackElo "1950"]
[PlyCount "112"]
[EventDate "2018.??.??"]

1. c4 e5 2. Nc3 Nc6 3. Nf3 Nf6 4. g3 Bb4 5. Bg2 O-O 6. O-O Re8 {Buchende Weiss}
7. d3 {Buchende Schwarz} d5 8. Bg5 Bxc3 9. bxc3 dxc4 10. dxc4 h6 11. Qxd8 Rxd8
12. Bxf6 gxf6 13. Rfb1 f5 14. Rb2 Rb8 15. Nd2 Bd7 16. Rab1 b6 17. e3 a6 18. a3
Be8 19. e4 fxe4 20. Bxe4 Kh8 21. Nf3 f6 22. Rd2 Rxd2 23. Nxd2 Rd8 24. Nf3 Na5
25. c5 bxc5 26. Kg2 Nc4 27. Ra1 Bh5 28. h4 Bxf3+ 29. Kxf3 Kg7 30. Kg4 Rd2 31.
f3 Ne3+ 32. Kh3 f5 33. Bb7 a5 34. Rb1 Rf2 35. h5 Nf1 36. Rxf1 Rxf1 37. g4 Kf6
38. gxf5 Kxf5 39. Kg3 Ra1 40. Be4+ Kg5 41. c4 Kxh5 42. f4 exf4+ 43. Kxf4 Rxa3
44. Ke5 Re3 45. Kf4 Rc3 46. Bd5 a4 47. Bf7+ Kh4 48. Bg6 Rc1 49. Bd3 a3 50. Ke5
a2 51. Kd5 a1=Q 52. Kc6 Qf6+ 53. Kxc7 Re1 54. Kc8 Qc6+ 55. Kb8 Re8+ 56. Ka7
Ra8# {normal} 0-1

[Event "Retro WM 84 Glasgow"]
[Site "Detmold"]
[Date "2019.01.01"]
[Round "17"]
[White "Novag SuperConst. TM , 16 MHz"]
[Black "Psion Sinclair QL , 7,5 MHz"]
[Result "1-0"]
[WhiteElo "1950"]
[BlackElo "1787"]
[PlyCount "45"]
[EventDate "2019.??.??"]

1. d4 d5 2. c4 dxc4 3. Nf3 Nf6 4. e3 e6 5. Bxc4 c5 6. O-O a6 7. Qe2 b5 8. Bb3
Bb7 9. Rd1 {Buchende Schwarz} cxd4 {Buchende Weiss} 10. exd4 Qd6 11. Bg5 Nbd7
12. Nc3 h6 13. Bxf6 Nxf6 14. d5 e5 15. Nxe5 Be7 16. Nxb5 Qc5 17. Nxf7 Kxf7 18.
d6+ Kg6 19. Bc2+ Kg5 20. Rd5+ Bxd5 21. Qe5+ Kh4 22. Qg3+ Kh5 23. Bg6# {normal}
1-0

[Event "Retro WM 84 Glasgow"]
[Site "Detmold"]
[Date "2019.01.04"]
[Round "15"]
[White "Novag SuperConst. TM , 16 MHz"]
[Black "Cyrus II Chess Amstrad , 8 MHz"]
[Result "1-0"]
[WhiteElo "1950"]
[BlackElo "1670"]
[PlyCount "125"]
[EventDate "2019.??.??"]

1. e4 c5 2. Nf3 e6 3. c3 Nf6 4. e5 {Buchende Schwarz} Nd5 5. d4 cxd4 6. Qxd4
Nc6 7. Qe4 Be7 {Buchende Weiss} 8. Bb5 Qa5 9. Bc4 f5 10. Qe2 O-O 11. O-O d6 12.
b4 Qc7 13. Bxd5 exd5 14. exd6 Bxd6 15. Nbd2 Bd7 16. Qd3 Ne7 17. Re1 a5 18. Ba3
Rac8 19. Rac1 Kh8 20. h3 b6 21. c4 axb4 22. Bb2 Qc6 23. Qd4 Rf6 24. Ne5 Bxe5
25. Qxe5 Rf7 26. Qd4 Qc5 27. Qd3 Ra8 28. Bd4 Qa5 29. Nb3 Qa6 30. Qf3 dxc4 31.
Rxc4 Qxc4 32. Qxa8+ Qc8 33. Qf3 Qa6 34. Qh5 Kg8 35. Qg5 Nc6 36. Qd2 f4 37. Re4
f3 38. g4 h6 39. Be3 g5 40. Nd4 Qc4 41. Nf5 Qxe4 42. Nxh6+ Kh7 $2 43. Nxf7 Qe7
44. Nxg5+ Kg7 45. Nxf3 Qf7 46. Bxb6 Qxf3 47. Qxd7+ Kh6 $2 48. Bc5 Qe4 49. Bf8+
Kg5 50. Qg7+ Qg6 51. h4+ Kf4 52. Qxg6 Nd4 53. Kg2 Ke5 54. Bc5 Kd5 55. Qd6+ Kc4
56. Qxd4+ Kb5 57. Bxb4 Kc6 58. h5 Kb7 59. h6 Kc7 60. Qc5+ Kb7 61. h7 Kb8 62.
h8=Q+ Kb7 63. Qhc8# {normal} 1-0

[Event "Retro WM 84 Glasgow"]
[Site "Detmold"]
[Date "2019.01.06"]
[Round "34"]
[White "Cyrus II Chess Amstrad , 8 MHz"]
[Black "Novag SuperConst. TM , 16 MHz"]
[Result "0-1"]
[WhiteElo "1670"]
[BlackElo "1950"]
[PlyCount "94"]
[EventDate "2019.??.??"]

1. e4 e5 2. Nc3 Nc6 3. Bc4 Nf6 4. d3 Bb4 5. Bg5 h6 6. Bxf6 {Buchende Schwarz}
Qxf6 {Buchende Weiss} 7. Nf3 Nd4 8. O-O Nxf3+ 9. Qxf3 Qxf3 10. gxf3 Bxc3 11.
bxc3 d6 12. Rab1 Ke7 13. Rb3 c6 14. a4 b6 15. Rfb1 g6 16. d4 f5 17. dxe5 dxe5
18. Rd1 g5 19. Rbb1 h5 20. Rb2 Bd7 21. Rb3 Rad8 22. Rd3 h4 23. Rb1 g4 24. fxg4
fxg4 25. Ba2 c5 26. Bb3 Bc6 27. Re1 Rdf8 28. a5 bxa5 29. Bd5 Bb5 30. c4 Bd7 31.
Rb1 Rb8 32. Rdb3 Rb4 33. c3 $2 Rxb3 34. Rxb3 Rh6 35. Rb7 Ra6 36. Kf1 a4 37. Kg2
a3 38. Rb1 Rb6 39. Rc1 Rb3 40. Rc2 Rb2 41. Rc1 a2 42. Ra1 Ba4 43. Ba8 Bd1 44.
h3 Bf3+ 45. Kh2 g3+ 46. Kg1 Rb1+ 47. Rxb1 axb1=Q# {normal} 0-1

[Event "Retro WM 84 Glasgow"]
[Site "Detmold"]
[Date "2019.01.06"]
[Round "28"]
[White "Novag SuperConst. TM , 16 MHz"]
[Black "Colossus 3.0 Atari 8 Bit , 3,5 MHz"]
[Result "1-0"]
[WhiteElo "1950"]
[BlackElo "1800"]
[PlyCount "101"]
[EventDate "2019.??.??"]

1. e4 d5 2. exd5 Nf6 3. d4 Nxd5 4. c4 Nf6 5. Nf3 {Buchende Schwarz} Bf5 {
Buchende Weiss} 6. Be2 e6 7. Nc3 Bd6 8. Bg5 O-O 9. Qb3 b6 10. Nh4 Nbd7 11. Bf3
Rb8 12. O-O Bd3 13. Rfd1 Bf5 14. Nb5 a6 15. Nxd6 cxd6 16. Bf4 Nh5 17. Nxf5 Nxf4
18. Nxd6 Nf6 19. Qa3 Qc7 20. g3 Ng6 21. Rac1 Rfd8 22. Ne4 Nxe4 23. Bxe4 f5 24.
Bg2 a5 25. f4 Rd6 26. c5 bxc5 27. Rxc5 Qd8 28. Qc3 Ne7 29. Rxa5 Rxb2 30. Qxb2
Qxa5 31. Qb7 Qd8 32. Re1 Rxd4 33. Qb3 Nd5 34. Rxe6 Qa8 $2 35. Bxd5 Rxd5 36. Rd6
Kf7 37. Qxd5+ Qxd5 38. Rxd5 Kf6 39. Rd7 h6 40. a4 g5 41. a5 Ke6 42. a6 Kxd7 43.
a7 gxf4 44. gxf4 Ke6 45. a8=Q Kf7 46. Qd5+ Kf6 47. Qe5+ Kg6 48. Qe6+ Kh5 49.
Qxf5+ Kh4 50. Kg2 h5 51. Qh3# {normal} 1-0

[Event "Retro WM 84 Glasgow"]
[Site "Detmold"]
[Date "2019.01.06"]
[Round "9"]
[White "Colossus 3.0 Atari 8 Bit , 3,5 MHz"]
[Black "Novag SuperConst. TM , 16 MHz"]
[Result "0-1"]
[WhiteElo "1800"]
[BlackElo "1950"]
[PlyCount "126"]
[EventDate "2019.??.??"]

1. e4 c5 2. Nf3 d6 3. Bb5+ Bd7 4. Bxd7+ Nxd7 {Buchende Weiss} 5. O-O Ngf6 6.
Nc3 {Buchende Schwarz} g6 7. d4 cxd4 8. Qxd4 Bg7 9. Be3 O-O 10. Rad1 Ng4 11.
Qd2 Nxe3 12. Qxe3 Nb6 13. Ng5 h6 14. Nf3 Nc4 15. Qc1 Rc8 16. Rd3 Kh7 17. b3 Nb6
18. Nb5 a6 19. Na3 Nd7 20. Qf4 $2 Nc5 21. Rd5 Qa5 22. Qc1 Qb4 23. e5 dxe5 24.
Nc4 e4 25. Nfe5 Rc7 $2 26. Rfd1 $2 e6 27. c3 Qb5 28. Nd6 Qe2 29. R5d2 Qh5 30.
Nexf7 Nd3 31. Qc2 Rfxf7 32. Nxf7 Rxf7 33. a4 Qh4 34. f3 Be5 35. g3 Bxg3 36.
hxg3 Qxg3+ 37. Rg2 Qxf3 38. Qe2 Nf4 39. Qxf3 exf3 40. Rc2 g5 41. Kf2 g4 42. c4
Ne2 43. Ke3 g3 44. Rxe2 fxe2 45. Kxe2 h5 46. Rg1 h4 47. Ke3 Kg6 48. Rg2 Kf5 49.
b4 Kg4 50. Rd2 h3 51. Rd4+ Kg5 52. Rd8 h2 53. Rg8+ Kh6 54. Rh8+ Rh7 55. Re8 g2
56. Rxe6+ Kg5 57. Re5+ Kf6 58. Ke4 h1=Q 59. Rf5+ Kg6 60. Rf8 g1=Q+ 61. Rf3 Rh4+
62. Ke5 Qd4+ 63. Ke6 Re4# {normal} 0-1

[Event "Retro WM 84 Glasgow"]
[Site "Online Neudorf - Salzgitter"]
[Date "2019.01.12"]
[Round "30"]
[White "Fidelity EAS A-E Glasgow TM , 10 MHz"]
[Black "Conchess T6 Glasgow , 5,5 MHz"]
[Result "1-0"]
[WhiteElo "1910"]
[BlackElo "1898"]
[PlyCount "113"]

1. e4 e5 2. Nf3 Nc6 3. Nc3 Nf6 4. Bb5 Bb4 5. O-O O-O 6. d3 Bxc3 7. bxc3 d6 8.
Bxc6 bxc6 9. Rb1 c5 10. c4 c6 11. Bd2 Qe7 12. Qe2 Bg4 13. Be3 Rfb8 14. c3 Nd7
15. h3 Bh5 16. Rb3 Qf6 17. Rfb1 Bxf3 18. Qxf3 Qxf3 19. gxf3 Rb6 20. f4 Rab8 21.
f3 f6 22. Kg2 h5 23. Kf1 Kf7 24. Ke1 Ke7 25. fxe5 fxe5 26. Kf2 Nf8 27. Rxb6
axb6 28. f4 exf4 29. Bxf4 Ne6 30. Bg3 Rb7 31. a4 Nd8 32. Bh4+ Kd7 33. Ke3 Ne6
34. a5 b5 35. cxb5 cxb5 36. Rf1 Kc6 37. d4 cxd4+ 38. cxd4 Nc7 39. Rf7 d5 40.
Rxg7 dxe4 41. Kxe4 Ne8 42. d5+ Kc5 43. Rxb7 Nd6+ 44. Ke5 Nc4+ 45. Ke6 Nxa5 46.
Rc7+ Kd4 47. Bf6+ Kd3 48. d6 Nc4 49. d7 Ke2 50. d8=Q h4 51. Qd5 Ne3 52. Qxb5+
Kf3 53. Qh5+ Ke4 54. Rc3 Kf4 55. Bg5+ Kg3 56. Qe2 Kxh3 57. Rxe3# 1-0

[Event "Retro WM 84 Glasgow"]
[Site "Online Salzgitter - Neudorf"]
[Date "2019.01.12"]
[Round "24"]
[White "SciSys Turbostar 432 KSO , 4 MHz"]
[Black "Fidelity EAS A-E Glasgow TM , 10 MHz"]
[Result "0-1"]
[WhiteElo "1770"]
[BlackElo "1910"]
[PlyCount "100"]

1. e4 e6 2. d4 d5 3. Nd2 c5 4. Ngf3 Nc6 5. exd5 exd5 6. Bb5 Qe7+ 7. Kf1 cxd4 8.
Nxd4 Bd7 9. N2f3 a6 10. Bxc6 bxc6 11. Bf4 c5 12. Ne2 Nf6 13. Ne5 Bf5 14. Ng3
Be6 15. Qe2 Nd7 16. Re1 Nxe5 17. Qxe5 d4 18. b3 Bd7 19. Nf5 Qxe5 20. Rxe5+ Be6
21. h3 Kd7 22. g4 g6 23. Ng3 Bd6 24. Re4 Bd5 25. Bxd6 Kxd6 26. g5 Rab8 27. a4
Bxe4 28. Nxe4+ Kd5 29. Nf6+ Ke6 30. Ne4 Rhc8 31. Nd2 Kf5 32. Rg1 Re8 33. Nc4
Re6 34. Rg4 Rbe8 35. Kg2 R8e7 36. Kf3 Re1 37. Nd6+ Ke5 38. Nc4+ Kd5 39. Rh4 Rc1
40. Na3 Ra1 41. Nc4 Ra2 42. c3 Ree2 43. cxd4 cxd4 44. Rxh7 Rxf2+ 45. Kg3 Rg2+
46. Kh4 Raf2 47. Nb6+ Ke4 48. Nd5 Kxd5 49. Rxf7 Rxf7 50. b4 Rf4# 0-1

[Event "Retro WM 84 Glasgow"]
[Site "Online Neudorf - Salzgitter"]
[Date "2019.01.12"]
[Round "5"]
[White "Fidelity EAS A-E Glasgow TM , 10 MHz"]
[Black "SciSys Turbostar 432 KSO , 4 MHz"]
[Result "1/2-1/2"]
[WhiteElo "1910"]
[BlackElo "1770"]
[PlyCount "112"]

1. d4 d5 2. Nc3 Nf6 3. Bg5 Bf5 4. Bxf6 gxf6 5. e3 c6 6. Bd3 Bxd3 7. Qxd3 Bg7 8.
Nge2 Nd7 9. e4 dxe4 10. Qxe4 Qa5 11. O-O f5 12. Qf4 O-O-O 13. d5 e6 14. dxc6
bxc6 15. Rfd1 Be5 16. Qc4 Kc7 17. a4 Nb6 18. Qh4 Nd5 19. Nxd5+ cxd5 20. Qe7+
Rd7 21. Qa3 Rb8 22. Nd4 Bd6 23. Qh3 Rxb2 24. Qxh7 Bc5 25. Qh8 Bxd4 26. Rxd4
Rxc2 27. Rb1 Qb6 28. Qe5+ Kc8 29. Rbd1 Rdc7 30. Qf4 Ra2 31. Qe5 Qb3 32. Qh8+
Kb7 33. Qe8 a6 34. Rf1 Ka7 35. Qd8 Rac2 36. Qd6 Rc1 37. Rdd1 R1c6 38. Qf4 Rc4
39. Rd4 Qb6 40. Rxc4 Rxc4 41. Qg5 a5 42. Qg7 Qc7 43. Qf6 Rxa4 44. h4 Rc4 45. h5
Rc2 46. h6 Rc1 47. Rxc1 Qxc1+ 48. Kh2 Qf4+ 49. Kg1 Qc1+ 50. Kh2 Qf4+ 51. Kg1
Qc7 52. h7 Qc1+ 53. Kh2 Qf4+ 54. Kg1 Qc1+ 55. Kh2 Qf4+ 56. Kg1 Qc1+ 1/2-1/2